MDQL
is popping MORE tags! Check the
thread
!
Quizzes
Events
Quiz Creation
Community
Videos
Private Events
Remove Ads
Sign In
Join for FREE
Feedback
Dark Mode
Quiz Categories
Sports
Geography
Music
Movies
Television
Just For Fun
Miscellaneous
History
Literature
Language
Science
Gaming
Entertainment
Religion
Holiday
For Kids
Quiz Lab
Recent
Popular Today
Quiz Kudos Today
Editor Picks
Curator Picks
Quizzes by...
Day
Popularity
Type
Ratings
Length
Year
Community
Subscriptions
Recent Discussions
Orange Saloon
Badges
Playlists
Quests
Create
Leaderboards
Showdown
Live 5
Trivia Bingo
Activity
Puzzle Library
Sporcle Events
Private Events
Virtual Trivia
Globe League
Become a Host
Pub Owners
SporcleCon
Opinionation
Our Games
Videos
Blog
Mobile Apps
Partnerships
Remove Ads and Go Orange
Feedback
Geography
Country
Landmarks
City
State
Population
World
Capital
Continent
Flags
Europe
Africa
Asia
South America
North America
Oceania
Border
Canada
United Kingdom
Topography
United States
Geography
Country
Landmarks
City
State
Population
World
Capital
Continent
Flags
Europe
Africa
Asia
South America
North America
Oceania
Border
Canada
United Kingdom
Topography
United States
Random Quiz
Search Sporcle
×
Quiz Lab
Quiz Lab
Geography
City
Type in answers that appear in a list
Type in answers that appear in a list
Classic
Best Score? Go Orange.
Top 100 U.S. Cities in 1960 not in Top 100 in 2010 Stats
Can you name the Top 100 U.S. Cities in 1960 no longer in the Top 100 in 2010?
By
fanzel
8m
33 Questions
555 Plays
555 Plays
555 Plays
Comments
Comments
Give Quiz Kudos
Give Quiz Kudos
-
- Ratings
hide this ad
Replay
Link that replays current quiz
Next Quiz
Link to next quiz in quiz playlist
You Got
0%
They Got
Avg Score
75%
Avg Friend Score
Upgrade to see
Score Distribution
Jump to the score distribution portion of the page
Score
0/33
Timer
08:00
0
Plays Today
1960 Rank
City
% Correct
93
Albany
87.4%
45
Akron
87.2%
56
Providence
87.2%
53
Syracuse
86.8%
77
Hartford
85.6%
72
Springfield
84.1%
49
Dayton
84%
62
Flint
82.3%
52
Richmond
82%
55
Des Moines
80.4%
81
New Haven
79.5%
66
Worcester
78.2%
70
Gary
78.2%
87
Erie
77.8%
84
Jackson
77.7%
58
Mobile
77.5%
82
Savannah
77.3%
1960 Rank
City
% Correct
89
Montgomery
77.1%
79
Bridgeport
75.7%
71
Grand Rapids
75.1%
65
Salt Lake City
73.5%
75
Youngstown
73.3%
64
Yonkers
71.7%
100
Topeka
71.2%
76
Shreveport
70.6%
83
Tacoma
69.4%
91
South Bend
68.1%
86
Evansville
66.8%
92
Chattanooga
66.7%
98
Kansas City
65.8%
85
Paterson
64.3%
97
Rockford
61.4%
88
Amarillo
46.1%
Quiz Playlist
Details
Report
Send in Message
Add To Playlist
Classic:
Type in answers that appear in a list
Quiz Source
Last Updated: Feb 16, 2017
Quiz Scoreboard
CHALLENGE
Sign Up to Join the Scoreboard
Show All
Scores
Hide
Comments
May contain spoilers
Recently Published
1-10 Letter E Words III
by El_Dandy
Language
2m
Street Fighter Characters
by Artimus82
Gaming
60s
College Basketball Coaching Resumes
by pancakes188
Sports
9m
More to Explore
Quiz From the Vault
Featured Blog Post
Where Did the Easter Bunny Come From?
hide this ad
You Might Also Like...
Tags
City Quiz
Population Quiz
State Quiz
100
1960
2010
Longer
Top 100
US Cities
Today's Top Quizzes in Geography
Browse Geography
hide this ad
Today's Top Quizzes in City
Browse City
Top Contributed Quizzes in Geography
1
Countries of the World - No Outlines Minefield
2
Top 25 Cities of France on a map
3
Any capital of a 'B' country per Continent
4
Any capital of a 'C' country per Continent
5
Closest Countries to UK A-Z
6
Any capital of a 'D' country per Continent
7
5-to-1: US Geography No Hints
8
Any capital of an 'E' country per Continent
9
Find the US States - No Outlines
10
Any capital of an 'F' country per Continent
Explore More
Trending Topics
Marvel
Anime
Kpop
Disney
Harry Potter
Crossword
NBA
Country
Soccer
WWE
Puzzle
Pokémon
Song
The Office
NFL
hide this ad
More By:
fanzel
Quiz
Plays
Rating
Category
Featured
Created
MLB: 3,000 Hits, Excluding Home Runs
4,606
4.61
Sports
May 7, 2013
Top 100 U.S. Cities in 1980
1,082
4.75
Geography
Jan 17, 2013
Smallest Cities Ranked in Their State's Top 5
632
4.89
Geography
May 12, 2014
Top 100 U.S. Cities in 1960 not in Top 100 in 2010
555
4.67
Geography
Jan 18, 2013
Top 100 US Metro Areas, In Order
491
4.71
Geography
Nov 7, 2018
Go to Creator's Profile
Score Distribution
Quiz Creator Spotlight
fanzel
Follow
Send a Message
Quizzes Created
-
Created Quiz Play Count
-
More By This Creator
Popular Quizzes Today
1
Find the US States - No Outlines Minefield
2
Find the Countries of Europe - No Outlines Minefield
3
The Countries of the World
4
Find the US States
5
Risky Map Clicking: Biggest States A-Z
6
US States
7
Popular People in 1961
8
Movies - When Are They Set?
More Geography Quizzes
Bordering 'C' Countries on a Map
Published
Trending Quizzes
Risky Map Clicking: Least Populous States A-Z
1-10 Letter G Words
1-10 Letter F Words
Countries of the World: 200 Million BC
Risky Map Clicking: Next State Alphabetically
Recently Updated
Beyoncé Albums
pecheneg
Leaping Animals
pecheneg
Reality TV Shows (A-Z)
bhenderson79
Rickey Henderson's Hall of Fame Teammates
pecheneg
Champions League XIs: Arsenal
pecheneg
Quick Pick: Celebrities in WWE's Hall of Fame
aduchscher
A-Z Keypad Blitz II
pecheneg
Multiple Oscar Actors
pecheneg
Mystery Phrase Blitz: Oscar 'Best Actors'
pecheneg
F. Scott Fitzgerald Novels
LTH
Trending Topics
Kpop
Marvel
Crossword
Disney
Harry Potter
NBA
Anime
Song
NFL
Puzzle
WWE
The Office
Soccer
Pokémon
Country
Your Account Isn't Verified!
In order to create a playlist on Sporcle, you need to verify the email address you used during registration. Go to your
Sporcle Settings
to finish the process.
Report this User
Report this user for behavior that violates our
Community Guidelines
.
Details:
Send Report
Go to the Sporcle.com Mobile Site →
Comments